[Event "Pan American-ch Amateur U2000"]
[Site "San Jose"]
[Date "2019.10.23"]
[Round "1.8"]
[White "Ugarte, Reynaldo"]
[Black "Munoz Henriquez, Alba Esther"]
[Result "0-1"]
[WhiteElo "1906"]
[BlackElo "1730"]
[PlyCount "68"]
[EventDate "2019.10.23"]
[EventType "swiss"]
[EventRounds "9"]
[EventCountry "CRI"]
[SourceTitle "EXT 2024"]
[Source "ChessBase"]
[SourceDate "2023.10.10"]
[SourceVersion "1"]
[SourceVersionDate "2023.10.10"]
[SourceQuality "1"]

1. e4 c6 2. d4 d5 3. e5 Bf5 4. Nf3 e6 5. Be2 Nd7 6. 0-0 c5 7. c3 Ne7 8. Nh4 Qb6 9. b3 cxd4 10. cxd4 Rc8 11. Be3 Bc2 12. Qd2 Nf5 13. Nxf5 Bxf5 14. Bd3 Bb4 15. Qe2 Bxd3 16. Qxd3 0-0 17. a3 Qa5 18. Bg5 h6 19. Bc1 Rc6 20. Bb2 Be7 21. Nc3 Rfc8 22. b4 Qc7 23. Rac1 a6 24. f4 Nb6 25. b5 Rc4 26. f5 Bg5 27. Rc2 Na4 28. fxe6 fxe6 29. Qg6 Qe7 30. Nxa4 Rxc2 31. Nb6 Be3+ 32. Kh1 Rf8 33. Rxf8+ Qxf8 34. h3 Qf1+ 0-1